Sfery Ziemi - Statystyki

Ogólne statystyki
  • Ten quiz został rozwiązany 10 razy
  • Średni wynik to 4 z 5
Statystyki odpowiedzi
Odpowiedź % Poprawnych
Atmosfera (powietrze, gaz)
89%
Hydrosfera (woda)
89%
Biosfera (organizmy)
78%
Litosfera (skały)
67%
Pedosfera (gleby)
67%
Nie znaleziono quizów pasujących do podanych kryteriów
Rozkład punktacji
Procent ludzi z każdym wynikiem
Percentyl według liczby udzielonych odpowiedzi
Twoja historia wyników
Nie rozwiązałeś tego quizu